• 首页
  • 本馆介绍
  • 公告通知
  • 最新文献
  • 馆藏检索
  • 电子资源
  • 读者导购
  • 参考咨询
  • 我的图书馆
  • 登录
  • 详细信息显示
  • 放入我的书架
  • 预约/预借图书
  • 作者相关作品
  • 分类相关作品
  • 丛书相关作品
  • 出版社相关作品

书目信息

  • 表格格式
  • 工作单格式
  • 卡片格式
题名:
音乐卷
    
 
作者: A. C. 克林诺夫 著 ;高昶 译
分册:  
出版信息: 北京   东方出版社  2002.07
页数: 348页
开本: 20cm
丛书名:
单 册:
中图分类: J6
科图分类:
主题词: 科学知识--普及读物 , 音乐--通俗读物 , CT--S043378--科学知识 , CT--S088913--音乐 , 音乐
电子资源:
ISBN: 7-5060-1574-9
000 01101nam0 2200325 450
001 073000000072
005 20031022102444.0
010    @a7-5060-1574-9@dCNY19.50
035    @a002212045
100    @a20041130d2002 em y0chiy0110 ea
101 1  @achi@crus
102    @aCN@b110000
105    @aa z 000yy
200 1  @a音乐卷@Ayin yue juan@f(俄)A. C. 克林诺夫著@F(e)A.C.ke lin nuo fu zhu@g高昶等译@Ggao chang deng yi
210    @a北京@c东方出版社@d2002.07
215    @a348页@c插图@d20cm
300    @a我认识的世界
330    @a本书作者用新奇的讲述方式、通俗生动的语言,者介绍了关于音乐的传说、音乐的科学、音乐与劳动、乐音的本质、爵士音乐家、古代音乐的缔造者等音乐的基本常识。
606 0  @a科学知识@j普及读物
606 0  @a音乐@j通俗读物
606 0  @2CT@3S043378@a科学知识
606 0  @2CT@3S088913@a音乐
606 0  @a音乐
690    @aJ6@v4
701  0 @aA. C. 克林诺夫@AA.C.ke lin nuo fu@4著
702  0 @a高昶@Agao chang@4译
801  0 @aCN@bNLC@c20041130
905    @aBZT@dJ6@e1@f6
906    @dCNY19.50@n0@r1
999    @tC@Ajiang@a20031022 10:24:36@Mjiang@m20031022 10:24:44
    
    音乐卷/(俄)A. C. 克林诺夫著/高昶等译.-北京:东方出版社,2002.07
    348页:插图;20cm
    我认识的世界
    
    ISBN 7-5060-1574-9:CNY19.50
    本书作者用新奇的讲述方式、通俗生动的语言,者介绍了关于音乐的传说、音乐的科学、音乐与劳动、乐音的本质、爵士音乐家、古代音乐的缔造者等音乐的基本常识。
●
相关链接 在五车中查询图书 在当当中查询图书 在豆瓣中查询图书


正题名:音乐卷     索取号:J6/1         预约/预借

序号 登录号 条形码 馆藏地/架位号 状态 备注
1 0376075   200894185   样本书库/样002架B面1层2列/ [索取号:J6/1] 在馆    
2 0376076   200894194   中心书库中库/ 中库020架A面3列4层66/ [索取号:J6/1] 在馆    
3 0376077   200894167   中心书库中库/ 中库020架A面3列4层64/ [索取号:J6/1] 在馆    
4 0376078   200894176   中心书库中库/ 中库020架A面3列4层67/ [索取号:J6/1] 在馆    
5 0376079   200894149   中心书库中库/ 中库020架A面3列4层63/ [索取号:J6/1] 在馆    
6 0376080   200894158   中心书库中库/ 中库020架A面3列4层65/ [索取号:J6/1] 在馆    
山东省滨州职业学院图书馆 欢迎您!
大连网信软件有限公司© 版权所有